Legal Aspects of Business (Record no. 190275)

MARC details
000 -LEADER
fixed length control field 00488nam a2200193Ia 4500
008 - FIXED-LENGTH DATA ELEMENTS--GENERAL INFORMATION
fixed length control field 240823s9999||||xx |||||||||||||| ||und||
020 ## - INTERNATIONAL STANDARD BOOK NUMBER
International Standard Book Number 978-0-07-068197-2
082 ## - DEWEY DECIMAL CLASSIFICATION NUMBER
-- 347.7 Q1
100 ## - MAIN ENTRY--PERSONAL NAME
Personal name Akhileshwar Pathak
245 #0 - TITLE STATEMENT
Title Legal Aspects of Business
250 ## - EDITION STATEMENT
Edition statement 4th
260 ## - PUBLICATION, DISTRIBUTION, ETC. (IMPRINT)
Date of publication, distribution, etc 2011
Name of publisher, distributor, etc McGraw - Hill Higher Educ
Place of publication, distribution, etc New York
500 ## - GENERAL NOTE
General note TRANSFERED
650 ## - SUBJECT ADDED ENTRY--TOPICAL TERM
Topical term or geographic name as entry element Business
942 ## - ADDED ENTRY ELEMENTS (KOHA)
Item type Books
Holdings
Withdrawn status Lost status Damaged status Permanent location Current location Shelving location Date acquired Source of acquisition Cost, normal purchase price Full call number Barcode Date last seen Koha item type
      CENTRAL LIBRARY, NOORUL ISLAM CENTRE FOR HIGHER EDUCATION CENTRAL LIBRARY, NOORUL ISLAM CENTRE FOR HIGHER EDUCATION Management Studies 06/07/2012 Higginbothams Private Ltd 450.00 347.7 Q1 42511 08/23/2024 Books
Visitors:
Copyright © 2024 Central Library NICHE.  All rights reserved.